Super Mario Sunshine Worlds - Statistics

General Stats
  • This quiz has been taken 139 times
  • The average score is 6 of 8
Answer Stats
Location % Correct
Ricco Harbor
84%
Bianco Hills
83%
Pinna Park
77%
Noki Bay
76%
Pianta Village
75%
Corona Mountain
74%
Gelato Beach
73%
Sirena Beach
62%
No matching quizzes found
Score Distribution
Percent of People with Each Score
Percentile by Number Answered
Your Score History
You have not taken this quiz